000
00265nam a2200121Ia 4500
005
20260328101451.0
008
260328s9999||||xx |||||||||||||| ||und||
100
_a
Lee, Uje
245
0
_a
Apartments Today /
_c
Uje Lee
260
_b
C3
300
_a
259 p.
942
_c
BK
999
_c
8650
_d
8650